|
|
|
|
| LEADER |
00000cam a2200000 7i4500 |
| 001 |
0000013026 |
| 005 |
20080107.0 |
| 008 |
080107 |
| 020 |
|
|
|a 9830462005
|
| 090 |
0 |
0 |
|a 297.18
|b MUH
|
| 100 |
0 |
|
|a Muhammad Isa Selamat
|
| 245 |
1 |
0 |
|a 1001 durjana :
|b himpunan kisah insan derhaka-Siri 1
|c Muhammad Isa Selamat
|
| 246 |
0 |
|
|a Seribu satu durjana
|b himpunan kisah insan derhaka-Siri 1
|
| 260 |
|
|
|a Kuala Lumpur :
|b Darul Nu'man ,
|c 2000
|
| 650 |
|
0 |
|a Islam stories, Malay
|
| 650 |
|
0 |
|a Muslim
|x Conduct of life
|
| 650 |
|
0 |
|a Religious life
|x Islam
|
| 710 |
0 |
|
|a Title
|
| 740 |
0 |
|
|a Seribu satu durjana
|
| 999 |
|
|
|a 0000796653
|b Book
|c Adult Collection
|e Cawangan Segamat
|
| 999 |
|
|
|a 0001009051
|b Book
|c Adult Collection
|e Perbadanan Perpustakaan Awam Johor
|
| 999 |
|
|
|a 0001009052
|b Book
|c Adult Collection
|e Perbadanan Perpustakaan Awam Johor
|
| 999 |
|
|
|a 0001009053
|b Book
|c Adult Collection
|e Perbadanan Perpustakaan Awam Johor
|